Największe "święte" miasta - Statystyki

Ogólne statystyki
  • Ten quiz został rozwiązany 2 736 razy
    2 665 od ostatniego zresetowania
  • Średni wynik to 4 z 10
Statystyki odpowiedzi
Populacja City % Poprawnych
23 mln São Paulo
83%
7,95 mln San Francisco
53%
4,18 mln Santo Domingo
47%
3,3 mln San Diego
41%
2,43 mln San José
36%
2,33 mln San Antonio
25%
1,93 mln San Salvador
25%
2,35 mln Saint Louis
23%
1,91 mln San Juan
19%
2,33 mln Santa Cruz
19%
Nie znaleziono quizów pasujących do podanych kryteriów
Rozkład punktacji
Procent ludzi z każdym wynikiem
Percentyl według liczby udzielonych odpowiedzi
Twoja historia wyników
Nie rozwiązałeś tego quizu od ostatniego zresetowania